000 00921nam a2200289 i 4500
003 DO-SdBNP
005 20250311103654.0
007 ta
008 250310b2024 dr ||||| |||| 00| 0 spa d
020 _a9789945223705
040 _aDO-SdBNP
_bspa
_cBNPHU
_erda
041 _aspa
082 4 _aRD863.44
_bG934a
_222
100 1 _aGurrero Sánchez, Laureno,
_eautor
_4aut.
_987135
245 1 3 _aEl Abuelo :
_bnovela /
_cLaureano Guerrero
264 1 _aSanto Domingo, República Dominicana :
_bEditora Búho,
_c2024.
300 _a184 páginas ;
_c23 cm.
336 _atexto
_btxt
_2rdacontent
337 _asin mediación
_bn
_2rdamedia
338 _avolumen
_bnc
_2rdacarrier
500 _aIncluye datos biográficos del autor en la solapa de la cubierta
590 _aInventariado, 2025/BT
650 7 _aNovela dominicana
_2LEMB
_9223
650 7 _aLiteratura dominicana
_2LEMB
910 _aBtavárez
942 _2ddc
_cLBS1
999 _c58340
_d58340